000 00374 a2200169 4500
001 184052
020 _a85-262-5067-1
040 _cMagnum
100 _aLarreula,enric
240 1 0 _aPânico no castelo
_lpor
245 1 0 _aPânico no castelo
300 _a39
362 0 _a2003
440 1 _aScipione
697 _aLITERATURA INFANTO-JUVENIL ESTRANGEIRA
942 _cBK
999 _c184052
_d184052